000 00661nam a2200241Ia 4500
003 OSt
005 20221006155408.0
006 a|||||r|||| 00| 0
007 ta
008 221006b |||||||| |||| 00| 0 eng d
024 _a41,856
037 _cSeries Articles
040 _aEASL
_cEASL
_beng
041 _2eng
_aeng
100 _aSohn Injoo
_9669076
245 0 _aLearning to co-operate
_bchina's multilateral approach to asian financial co-operation
260 _aUK
_bCambridge Univesity Press UK
_c2008
300 _a309-326
_ccm.
490 _v194
650 _aChina
942 _cREF
_2CC
999 _c1109942
_d1109942